[Event "ipswich town chess"]
[Site "www.echecsemail.com"]
[Date "2020.03.06"]
[Round "1"]
[White "Selby52"]
[Black "Yaazgard"]
[WhiteElo "1809"]
[BlackElo "1730"]
[Result "0-1"]
[Round "1"]
1.e4 c5
2.Ng1f3 Nb8c6
3.d4 cxd4
4.Nf3xd4 Ng8f6
5.Nb1c3 e5
6.Nd4b5 d6
7.Bc1g5 a6
8.Nb5a3 Bc8e6
 { time }
0-1

[Event "ipswich town chess"]
[Site "www.echecsemail.com"]
[Date "2020.03.06"]
[Round "1"]
[White "Kkhan"]
[Black "Yaazgard"]
[WhiteElo "1499"]
[BlackElo "1730"]
[Result "1-0"]
[Round "1"]
1.e4 c5
2.Ng1f3 Nb8c6
3.d4 cxd4
4.Nf3xd4 Ng8f6
5.Nb1c3 e5
6.Nd4b5 d6
7.Bc1g5 a6
8.Nb5a3 Bc8e6
9.Na3c4  { time }
1-0

[Event "Tourn. n9800"]
[Site "www.chess-mail.com"]
[Date "2020.03.06"]
[Round "1"]
[White "Muchomurka"]
[Black "Stepanpech"]
[WhiteElo "2400"]
[BlackElo "2450"]
[Result "0-1"]
[Round "1"]
1.e4 c5
2.Ng1f3 d6
3.d4 cxd4
4.Nf3xd4 Ng8f6
5.Nb1c3 a6
6.Bf1c4 e6
7.Bc4b3 Nb8d7
8.f4 Nd7c5
9.e5 dxe5
10.fxe5 Nf6d7
11.Bc1f4 b5
12.Qd1e2 Bc8b7
13.O-O Nc5xb3
14.Nd4xb3 Bf8e7
15.Nc3e4 O-O
16.Ra1d1 Qd8b6
17.Kh1 Bb7d5
18.Rf1e1 Rf8d8
19.Bf4g5 Be7xg5
20.Ne4xg5 Nd7f8
21.Re1f1 Rd8d7
22.Nb3c1 Ra8c8
23.b3 Qb6c6
24.Rf1f2 h6
25.Ng5h3 Bd5e4
26.Nc1d3 Nf8g6
27.Nh3g1 Be4xd3
28.cxd3 Qc6c3
29.Qe2e4 Qc3xe5
30.Qe4xe5 Ng6xe5
31.Rf2d2 Ne5g4
32.Ng1f3 Rd7c7
33.Kg1 Kf8
34.h3 Ng4e3
35.Rd1e1 Ne3d5
36.Nf3d4 g5
37.Kf2 Kg7
38.g3 Rc7c1
39.Nd4e2 Rc1c2
40.Re1d1 { time. }
0-1

[Event "Tourn. n10261"]
[Site "www.chess-mail.com"]
[Date "2020.03.06"]
[Round "1"]
[White "Seger"]
[Black "D4minance"]
[WhiteElo "2790"]
[BlackElo "2880"]
[Result "0-1"]
[Round "1"]
1.e4 c5
2.Ng1f3 d6
3.Bf1b5 Nb8d7
4.c4 Ng8f6
5.O-O g6
6.d3 Bf8g7
7.Bb5a4 O-O
8.Nb1c3 Nd7b6
9.Ba4b3 a5
10.Bc1g5 h6
11.Bg5e3 e5
12.Bb3c2 Bc8d7
13.h3 Kh7
14.a3 a4
15.Be3d2 Bd7c6
16.Ra1b1 Ra8a6
17.b4 axb3
18.Rb1xb3 Nf6h5
19.Nc3d5 Nb6a8
20.Qd1e2 Na8c7
21.Rf1b1 Nc7xd5
22.cxd5 Bc6a4
23.Rb3b2 Ba4xc2
24.Rb2xc2 Qd8d7
25.Rc2b2 Rf8b8
26.Rb2b6 Ra6xa3
27.Bd2c1 Nh5f4
28.Qe2c2 Ra3c3
29.Qc2a2 Rc3xd3
30.Bc1xf4 exf4
31.Qa2a7 Qd7d8
32.Kh2 g5
33.Rb6xb7 Rb8a8
34.Qa7b6 Qd8xb6
35.Rb1xb6 Ra8a2
36.Rb7xf7 Kg6
37.Rf7d7 Ra2xf2
38.Rb6xd6 Kh7
39.Kg1 Rf2a2
40.Kf1 Rd3d1
41.Nf3e1 Ra2a1
42.Kf2 Rd1xe1
43.e5 Re1e3
44.e6 Ra1a2
45.Kg1 Re3e1
{ resign }
0-1

[Event "Tourn. n9800"]
[Site "www.chess-mail.com"]
[Date "2020.03.06"]
[Round "1"]
[White "Muchomurka"]
[Black "Szustan"]
[WhiteElo "2400"]
[BlackElo "2630"]
[Result "1/2-1/2"]
[Round "1"]
1.e4 e5
2.Ng1f3 Nb8c6
3.Nb1c3 Ng8f6
4.Bf1b5 Bf8b4
5.O-O O-O
6.d3 d6
7.Bc1g5 Bb4xc3
8.bxc3 Qd8e7
9.Rf1e1 Nc6d8
10.d4 Nd8e6
11.Bg5c1 c5
12.dxe5 dxe5
13.Bb5c4 Rf8d8
14.Bc4d5 Nf6xd5
15.exd5 f6
16.c4 Ne6c7
17.a4 b6
18.a5 b5
19.cxb5 Nc7xb5
20.c4 Nb5d6
21.Qd1c2 Ra8b8
22.Bc1a3 Bc8f5
23.Qc2c3 Rd8c8
{ draw }
1/2-1/2

[Event "Tourn. n10275"]
[Site "www.chess-mail.com"]
[Date "2020.03.06"]
[Round "1"]
[White "Seger"]
[Black "D4minance"]
[WhiteElo "2810"]
[BlackElo "2890"]
[Result "1/2-1/2"]
[Round "1"]
1.d4 Ng8f6
2.c4 e6
3.Ng1f3 d5
4.cxd5 exd5
5.Nb1c3 Bf8b4
6.Bc1g5 h6
7.Bg5h4 O-O
8.e3 Bc8f5
9.Qd1b3 Bb4xc3
10.Qb3xc3 Nb8d7
11.Bf1e2 c6
12.Nf3d2 Nf6e4
13.Bh4xd8 Ne4xc3
14.bxc3 Rf8xd8
15.g4 Bf5h7
16.O-O Ra8c8
17.Rf1c1 c5
18.a4 Rc8c7
19.a5 Rd8c8
20.Nd2b3 c4
21.Nb3d2 f5
22.h4 g5
23.gxf5 Bh7xf5
24.hxg5 hxg5
25.e4 Bf5xe4
26.Nd2xe4 dxe4
27.Ra1b1 a6
28.Be2g4 Rc8e8
29.d5 Nd7e5
30.Bg4e6 Kg7
31.d6 Rc7c6
32.Rb1xb7 Kf6
33.d7 Re8d8
34.Be6d5 Rc6d6
35.Bd5xe4 Ne5d3
36.Rc1d1 Ke5
37.Be4f3 Rd8xd7
38.Rb7b8 Rd7d8
{ draw }
1/2-1/2

[Event "Tourn. n10284"]
[Site "www.chess-mail.com"]
[Date "2020.03.06"]
[Round "1"]
[White "Hansen"]
[Black "Vasylpuzanov"]
[WhiteElo "1650"]
[BlackElo "1590"]
[Result "1-0"]
[Round "1"]
1.e4 c5
2.Bf1c4 e6
3.Qd1f3 d6
4.Nb1c3 Nb8c6
5.e5 d5
6.Bc4d3 Nc6xe5
7.Qf3g3 Ne5xd3
8.Qg3xd3 Ng8f6
9.Ng1f3 Bf8e7
10.Nf3e5 O-O
11.g4 d4
12.Nc3e4 h6
13.g5 Nf6xe4
14.Qd3xe4 Be7xg5
15.f4 Bg5h4
16.Kf1 Qd8f6
17.d3 Qf6f5
18.Qe4e2 f6
19.Ne5c4  { time }
1-0

[Event "Match"]
[Site "www.echecsemail.com"]
[Date "2020.03.06"]
[Round "1"]
[White "Apdash"]
[Black "Chapi"]
[WhiteElo "2220"]
[BlackElo "2130"]
[Result "0-1"]
[Round "1"]
1.e4 c5
2.Ng1f3 Nb8c6
3.d4 cxd4
4.Nf3xd4 g6
5.Bc1e3 Bf8g7
6.Bf1c4 Ng8f6
7.Nb1c3 Nc6e5
8.Bc4b3 O-O
9.f3 a6
10.O-O b5
11.a3 Ne5c4
12.Bb3xc4 bxc4
13.Qd1e2 Qd8c7
14.Ra1d1 d6
15.Kh1 Ra8b8
16.Qe2d2 Rb8xb2
17.Rd1b1 Qc7b7
18.Rb1xb2 Qb7xb2
19.a4 Bc8d7
20.Rf1b1 Qb2a3
21.Rb1b6 Rf8a8
22.Rb6b7 e6
23.g4 Bd7xa4
24.Nc3xa4 Qa3xa4
25.Be3h6 Bg7xh6
26.Qd2xh6 Qa4a1
27.Kg2 Qa1xd4
28.h4 Nf6xe4
{ resign }
0-1

[Event "Tourn. n10299"]
[Site "www.chess-mail.com"]
[Date "2020.03.06"]
[Round "1"]
[White "Vasylpuzanov"]
[Black "Hansen"]
[WhiteElo "1570"]
[BlackElo "1650"]
[Result "0-1"]
[Round "1"]
1.e4 d5
2.exd5 Qd8xd5
3.Nb1c3 Qd5d4
4.Ng1f3 Qd4f6
5.d4 Bc8g4
6.Bf1e2 c6
7.O-O Nb8d7
8.h3 Bg4f5
9.Rf1e1 Qf6g6
10.Be2d3 e6
11.Nf3h4 Qg6f6
12.Nh4xf5 Bf8b4
 { time }
0-1

[Event "Match"]
[Site "www.echecsemail.com"]
[Date "2020.03.06"]
[Round "1"]
[White "Chapi"]
[Black "Ll69"]
[WhiteElo "2130"]
[BlackElo "2290"]
[Result "0-1"]
[Round "1"]
1.d4 Ng8f6
2.c4 g6
3.Ng1f3 Bf8g7
4.Nb1c3 O-O
5.e4 d6
6.Bf1e2 e5
7.d5 a5
8.O-O Nb8a6
9.Bc1g5 h6
10.Bg5d2 Bc8d7
11.Bd2e3 Nf6g4
12.Be3d2 Ng4f6
13.h3 Na6c5
14.Qd1c2 Nf6h5
15.Bd2e3 b6
16.Nf3d2 Nh5f4
17.Be2g4 Bd7xg4
18.hxg4 Qd8h4
19.f3 h5
20.gxh5 Bg7h6
21.Be3f2 Qh4g5
22.g3 Nf4xh5
23.g4 Nh5f4
24.Bf2xc5 bxc5
25.Nd2b3 Nf4h3
26.Kg2 Qg5h4
27.Nc3e2 Nh3f4
28.Kg1 Nf4xe2
29.Qc2xe2 Qh4g3
30.Qe2g2 Bh6e3
31.Kh1 Qg3h4
32.Qg2h2 Qh4g5
33.Kg2 Kg7
34.Qh2g3 Rf8h8
35.Rf1h1 a4
36.Nb3c1 Rh8xh1
37.Kxh1 Be3xc1
38.Qg3g2 Ra8h8
39.Kg1 Bc1e3
40.Kf1 Qg5h4
41.Ke2 Be3d4
42.Ra1f1 Qh4h2
43.Qg2xh2 Rh8xh2
44.Kd3 Rh2xb2
{ resign }
0-1

[Event "Tourn. n10250"]
[Site "www.chess-mail.com"]
[Date "2020.03.06"]
[Round "1"]
[White "Numanoid"]
[Black "Rons"]
[WhiteElo "2750"]
[BlackElo "2590"]
[Result "1/2-1/2"]
[Round "1"]
1.e4 c5
2.d3 e6
3.f4 Nb8c6
4.Bf1e2 Ng8h6
5.Ng1f3 Bf8e7
6.O-O d6
7.c3 f6
8.Kh1 O-O
9.Bc1e3 b6
10.Nb1d2 d5
11.Qd1e1 Bc8b7
12.Qe1g3 Bb7a6
13.Qg3h3 f5
14.e5 Qd8d7
15.Be3g1 Ra8c8
16.Qh3g3 Rf8d8
17.Nd2b3 Nh6f7
18.Rf1c1 Nf7h8
19.h3 Nh8g6
20.h4 Rc8b8
21.a3 Ng6h8
22.Nb3d2 Nh8f7
23.b4 Rd8c8
24.Ra1b1 Ba6b5
25.c4 dxc4
26.dxc4 Bb5a4
27.b5 Nc6a5
28.Rb1b2 a6
29.Nf3g5 axb5
30.cxb5 Be7f8
31.Qg3h3 Rc8d8
32.Nd2c4 Na5xc4
33.Be2xc4 Nf7xg5
34.hxg5 Kh8
35.Bg1e3 g6
36.Kg1 Rb8a8
37.Kf2 Qd7f7
38.Qh3f3 Rd8d5
39.Bc4xd5 exd5
40.Rb2b1 { draw }
1/2-1/2

[Event "Match"]
[Site "www.echecsemail.com"]
[Date "2020.03.07"]
[Round "1"]
[White "Erno"]
[Black "Zorkvonblitz"]
[WhiteElo "1969"]
[BlackElo "1639"]
[Result "0-1"]
[Round "1"]
1.b3 a5
2.Bc1b2 a4
3.Ng1f3 e6
4.e4 Nb8c6
5.Bf1b5 Ng8f6
6.e5 Nf6d5
7.Bb5xa4 Ra8b8
8.c4 Nd5f4
9.O-O d6
10.d4 Bc8d7
11.g3 Nf4g6
12.exd6 cxd6
13.d5 Nc6a5
14.Ba4xd7 Qd8xd7
15.Nb1a3 Bf8e7
 { time }
0-1

[Event "Tourn. n10303"]
[Site "www.chess-mail.com"]
[Date "2020.03.07"]
[Round "1"]
[White "Jazzy"]
[Black "D4minance"]
[WhiteElo "2230"]
[BlackElo "2880"]
[Result "0-1"]
[Round "1"]
1.Ng1f3 g6
2.e4 Bf8g7
3.c4 d6
4.Nb1c3 Ng8f6
5.Bf1e2 O-O
6.O-O e5
7.d3 h6
8.Bc1d2 Nb8c6
9.Qd1c1 Kh7
10.a3 a5
11.Nc3b5 Nf6d7
12.b4 f5
13.exf5 gxf5
14.Ra1b1 axb4
15.axb4 Nc6e7
16.Qc1c2 Ne7g6
17.Rf1e1 Nd7f6
18.Bd2c1 c6
19.Nb5c3 e4
20.dxe4 fxe4
21.Nf3d4 Nf6g4
22.Bc1e3 Ng4xe3
23.fxe3 d5
24.Rb1d1 Qd8g5
25.Be2f1 Bc8g4
26.Rd1c1 Ra8c8
27.c5 Ng6e5
28.Kh1 Rc8e8
29.Qc2d2 Rf8f7
30.Nc3d1 Re8f8
31.Nd1c3 Rf7f2
32.Bf1e2 Bg4xe2
33.Nc3xe2 Qg5xg2

0-1

[Event "1/128 Finale"]
[Site "www.chess-mail.com"]
[Date "2020.03.07"]
[Round "1"]
[White "Osopanda"]
[Black "Vasylpuzanov"]
[WhiteElo "1740"]
[BlackElo "1570"]
[Result "1-0"]
[Round "1"]
1.e4 e5
2.Ng1f3 Nb8c6
3.d4 exd4
4.c3 dxc3
5.Nb1xc3 Bf8b4
6.Bf1c4 Bb4xc3
7.bxc3 d6
8.O-O h6
9.Bc1e3 Ng8f6
10.Rf1e1 Bc8g4
11.Be3d4 O-O
12.Qd1d3 a6
13.e5 Nf6d7
14.exd6 cxd6
15.Qd3g6 Nd7e5
{ time. }
1-0

[Event "Tourn. n10254"]
[Site "www.chess-mail.com"]
[Date "2020.03.07"]
[Round "1"]
[White "Aders1"]
[Black "Ditto"]
[WhiteElo "2059"]
[BlackElo "1980"]
[Result "1-0"]
[Round "1"]
1.Ng1f3 d5
2.g3 Ng8f6
3.Bf1g2 Bc8g4
4.O-O e6
5.d3 Nb8c6
6.Nb1d2 Bf8c5
7.c3 Bc5b6
8.b4 Qd8e7
9.b5 Nc6b8
10.a4 Nb8d7
11.Nd2b3 O-O
12.a5 Bb6c5
13.Nb3xc5 Qe7xc5
14.Bc1a3 Qc5xb5
15.Ba3xf8 Ra8xf8
16.Nf3d4 Qb5c5
17.Qd1d2 c6
18.Rf1b1 e5
19.Nd4c2 a6
20.Rb1xb7 Bg4e6
21.e3 Qc5e7
22.Nc2b4 Nf6g4
23.h3 Ng4f6
24.Nb4xa6 Be6f5
25.Na6b4 Qe7e6
26.Kh2 Nd7c5
27.a6 Nc5xb7
28.axb7 Nf6d7
29.Ra1a8 Rf8b8
30.Qd2a2 Qe6d6
31.Qa2a7 h5
32.Nb4a6 Rb8f8
33.b8Q Nd7xb8
34.Ra8xb8 Qd6a3
35.Rb8xf8 Kxf8
36.Qa7c5 Qa3xc5
37.Na6xc5 Ke7
38.e4 Bf5c8
39.exd5 cxd5
40.Bg2xd5 Kd6
41.Bd5xf7 Kxc5
42.Bf7xh5 Bc8f5
43.Bh5e2 g6
44.g4 Bf5e6
45.Kg3 g5
46.h4 gxh4
47.Kxh4 Kd6
48.Kg5 Ke7
49.f4 exf4
50.Kxf4 Kf6
51.d4 Kg6
52.c4 Kf6
53.d5 Be6d7
54.c5 Kg6
55.c6 Bd7c8
56.d6 Kf6
57.d7 { resign }
1-0

[Event "Match"]
[Site "www.echecsemail.com"]
[Date "2020.03.07"]
[Round "1"]
[White "Logout"]
[Black "Coraza"]
[WhiteElo "2020"]
[BlackElo "1840"]
[Result "0-1"]
[Round "1"]
1.e4 e5
2.Ng1f3 Nb8c6
3.d4 exd4
4.Bf1c4 h6
5.c3 Bf8c5
6.cxd4 Bc5b4
7.Bc1d2 Qd8e7
8.e5 Bb4a5
9.O-O Ba5b6
10.Bd2c3 Bb6a5
11.a3 Ba5b6
12.Rf1e1 a6
13.d5 Bb6xf2
14.Kxf2 Nc6a7
15.Bc3b4 Qe7d8
16.Nb1c3 b5
17.Bc4b3 Bc8b7
18.Kg1 Na7c8
 { time }
0-1

[Event "Tourn. n10255"]
[Site "www.chess-mail.com"]
[Date "2020.03.08"]
[Round "1"]
[White "Esperanza"]
[Black "Apdash"]
[WhiteElo "2070"]
[BlackElo "2260"]
[Result "1-0"]
[Round "1"]
1.d4 d5
2.Bc1f4 Ng8f6
3.e3 e6
4.Ng1f3 c5
5.c3 Nb8c6
6.Bf1d3 h6
7.h3 Bf8d6
8.Nf3e5 Qd8c7
9.Ne5xc6 bxc6
10.Bf4xd6 Qc7xd6
11.Nb1d2 c4
12.Bd3c2 Bc8d7
13.O-O c5
14.Qd1f3 O-O
15.e4 cxd4
16.cxd4 dxe4
17.Nd2xe4 Nf6xe4
18.Qf3xe4 f5
19.Qe4e5 Qd6b4
20.d5 Ra8e8
21.dxe6 Bd7xe6
22.a3 Qb4b7
23.Qe5c3 Re8b8
24.Ra1b1 Be6d5
25.f3 Rb8e8
26.Rb1e1 Re8b8
27.Re1e5 Bd5f7
28.Bc2xf5 Qb7xb2
29.Qc3xb2 Rb8xb2
30.Rf1c1 Rb2a2
31.Re5a5 g6
32.Bf5e4 Rf8d8
33.Ra5xa7 Rd8d2
34.f4 Bf7e6
35.Rc1b1 Ra2b2
36.Rb1xb2 Rd2xb2
37.Ra7c7 Be6f7
38.Rc7c6 Rb2a2
39.Be4xg6 Bf7d5
40.Rc6c5 Bd5f7
41.Bg6xf7 Kxf7
42.Rc5xc4 Ra2xa3
43.Rc4c6 Kg7
44.Kh2 Ra3e3
45.Kg1 Re3a3
46.Rc6e6 Ra3b3
47.Kf2 h5
48.Re6e3 Rb3b4
49.Kf3 Kf6
50.g4 Rb4a4
51.g5 Kf7
52.f5 Ra4h4
53.Kg3 Rh4c4
54.Re3a3 Rc4b4
55.Ra3a7 Kf8
56.g6 h4
57.Kf3 Rb4b5
58.Kg4 Rb5c5
59.f6 Rc5c4
60.Kg5 Rc4c5
61.Kxh4 { resign }
1-0

[Event "Match"]
[Site "www.echecsemail.com"]
[Date "2020.03.08"]
[Round "1"]
[White "Betelgeuse"]
[Black "Chessutopia"]
[WhiteElo "1799"]
[BlackElo "2850"]
[Result "1-0"]
[Round "1"]
1.d4 Ng8f6
2.c4 e6
3.Ng1f3 b6
4.g3 Bc8b7
5.Bf1g2 Bf8e7
6.Nb1c3 Nf6e4
7.Bc1d2 Be7f6
8.Qd1c2 Ne4xd2
9.Qc2xd2 d6
10.d5 O-O
11.Nf3d4 Bf6xd4
12.Qd2xd4 e5
13.Qd4d2 Bb7xd5
14.Qd2xd5 Qd8f6
15.Qd5xa8 { resign }
1-0

[Event "Match"]
[Site "www.echecsemail.com"]
[Date "2020.03.08"]
[Round "1"]
[White "Chessutopia"]
[Black "Betelgeuse"]
[WhiteElo "2850"]
[BlackElo "1799"]
[Result "0-1"]
[Round "1"]
1.e4 c5
2.Nb1c3 Nb8c6
3.g3 g6
4.Bf1g2 Bf8g7
5.d3 d6
6.Ng1e2 e5
7.O-O Ng8e7
8.Bc1e3 O-O
9.a4 Bc8e6
10.Ra1b1 Qd8d7
11.b4 cxb4
12.Nc3a2 Nc6d4
13.Be3xd4 exd4
14.Ne2xd4 Qd7xa4
15.Na2xb4 Bg7xd4
16.Rf1e1 Bd4c3
17.Re1e2 Bc3xb4
{ resign }
0-1

[Event "Match"]
[Site "www.echecsemail.com"]
[Date "2020.03.08"]
[Round "1"]
[White "Double2dutch"]
[Black "Apdash"]
[WhiteElo "2340"]
[BlackElo "2200"]
[Result "1/2-1/2"]
[Round "1"]
1.c4 e6
2.g3 Ng8f6
3.Bf1g2 c6
4.Ng1f3 d5
5.d4 dxc4
6.Nf3e5 c5
7.Qd1a4 Nb8d7
8.dxc5 Bf8xc5
9.O-O Qd8b6
10.Ne5xc4 Qb6b4
11.Nb1c3 O-O
12.Rf1d1 Nd7b6
13.Qa4xb4 Bc5xb4
14.Nc4xb6 axb6
15.a3 Bb4xc3
16.bxc3 Ra8a5
17.Bc1e3 b5
18.Be3c5 Rf8e8
19.Rd1d3 Nf6d7
20.Bc5b4 Ra5a7
21.Ra1d1 b6
22.Bg2c6 Re8d8
23.Bc6xb5 f6
24.Bb4e7 Rd8e8
25.Bb5xd7 Bc8xd7
26.Rd3xd7 { draw }
1/2-1/2

[Event "Tourn. n10300"]
[Site "www.chess-mail.com"]
[Date "2020.03.08"]
[Round "1"]
[White "Estonia"]
[Black "Malbertan"]
[WhiteElo "1920"]
[BlackElo "2050"]
[Result "0-1"]
[Round "1"]
1.b3 e5
2.Bc1b2 Nb8c6
3.e4 f6
4.Bf1c4 Ng8e7
5.Nb1c3 Nc6a5
6.Bc4e2 d5
7.Nc3xd5 Ne7xd5
8.exd5 Qd8xd5
9.Ng1f3 Bc8f5
10.O-O O-O-O
11.c4 Qd5d7
12.Bb2c3 Na5c6
13.b4 Bf8xb4
14.Bc3xb4 Nc6xb4
15.Qd1b3 Nb4c6
16.Rf1d1 Nc6a5
17.Qb3c3 Qd7a4
18.Nf3h4 Bf5e6
19.d3 Na5c6
20.Nh4f3 Qa4b4
21.Qc3xb4 Nc6xb4
22.a4 Nb4c2
23.Ra1c1 Nc2d4
24.Nf3xd4 Rd8xd4
25.a5 Rh8d8
26.c5 Be6b3
27.Rd1e1 Bb3a4
28.Rc1c3 Ba4b5
29.Rc3b3 Bb5a6
30.Be2g4 Rd4xg4
{ resign }
0-1

[Event "Match"]
[Site "www.echecsemail.com"]
[Date "2020.03.08"]
[Round "1"]
[White "Dementia"]
[Black "Chessutopia"]
[WhiteElo "1799"]
[BlackElo "2730"]
[Result "1-0"]
[Round "1"]
1.e4 c5
2.Ng1f3 d6
3.d4 cxd4
4.Nf3xd4 Ng8f6
5.Nb1c3 a6
6.Bc1g5 e6
7.f4 Qd8b6
8.Qd1d2 Qb6xb2
9.Ra1b1 Qb2a3
10.f5 Nf6xe4
11.Nc3xe4 exf5
12.Nd4xf5 Nb8c6
13.Ne4xd6 Bf8xd6
14.Nf5xd6 Kd7
15.Nd6xf7 { resign }
1-0

[Event "Match"]
[Site "www.echecsemail.com"]
[Date "2020.03.08"]
[Round "1"]
[White "Lesbianstar"]
[Black "Dementia"]
[WhiteElo "2240"]
[BlackElo "1799"]
[Result "0-1"]
[Round "1"]
1.e4 c6
2.d4 d5
3.e5 Bc8f5
4.Ng1f3 e6
5.Bf1e2 Ng8e7
6.O-O Nb8d7
7.Nf3h4 Bf5g6
8.Nb1d2 c5
9.c3 Ne7c6
10.Nh4xg6 hxg6
11.Nd2f3 Bf8e7
12.h3 cxd4
13.Nf3g5 Qd8b6
14.f3 dxc3
{ resign }
0-1

[Event "Tourn. n10262"]
[Site "www.chess-mail.com"]
[Date "2020.03.09"]
[Round "1"]
[White "Andychesston"]
[Black "Pariolinius"]
[WhiteElo "1790"]
[BlackElo "1960"]
[Result "0-1"]
[Round "1"]
1.e4 c5
2.Ng1f3 e6
3.d4 cxd4
4.Nf3xd4 a6
5.Nb1c3 Qd8c7
6.Bc1d2 Nb8c6
7.Nd4xc6 dxc6
8.Qd1g4 e5
9.Qg4g3 Ng8f6
10.Bf1c4 b5
11.Bc4b3 c5
12.Bb3d5 Nf6xd5
13.Nc3xd5 Qc7d6
14.Bd2a5 Ra8a7
15.O-O-O Qd6h6
16.Kb1 Bf8d6
17.Nd5c7 Bd6xc7
18.Ba5xc7 Ra7xc7
19.Qg3xe5 Rc7e7
20.Qe5xc5 Bc8d7
21.Rd1d6 Qh6f4
22.f3 Qf4e5
23.Rd6d5 Qe5e6
24.Rh1d1 O-O
25.Qc5d4 Bd7c6
26.Rd5d6 Qe6c8
27.Rd6d8 Qc8c7
28.Rd8xf8 Kxf8
29.Qd4c5 g6
30.Qc5d4 Kg8
31.Qd4f6 b4
32.Qf6g5 Kg7
33.h4 h6
34.Qg5c5 a5
35.Rd1d6 Bc6e8
36.Qc5d4 Kh7
37.e5 Be8d7
38.g4 Bd7e6
39.b3 Re7d7
40.Kc1 Qc7c3
41.Qd4xc3 bxc3
42.Rd6xd7 Be6xd7
43.Kd1 Bd7c6
44.f4 Bc6f3
45.Ke1 Bf3xg4
46.Kf2 Bg4f5
47.Ke3 Bf5xc2
48.Kd4 Bc2b1
49.Kxc3 Bb1xa2
50.Kb2 Ba2xb3
51.Kxb3 g5
52.hxg5 hxg5
53.f5 Kg7
54.e6 fxe6
{ resign }
0-1

[Event "Tourn. n10307"]
[Site "www.chess-mail.com"]
[Date "2020.03.09"]
[Round "1"]
[White "Madz123456"]
[Black "Libiesse"]
[WhiteElo "1820"]
[BlackElo "2020"]
[Result "1-0"]
[Round "1"]
1.e4 c5
2.Ng1f3 e6
3.d4 cxd4
4.Nf3xd4 a6
5.Bf1e2 Qd8c7
6.Nb1c3 Ng8f6
7.a3 Nb8c6
8.Bc1e3 b5
9.f4 d6
10.Nd4xc6 Qc7xc6
11.Be2f3 Nf6d7
12.e5 d5
13.Nc3xd5 exd5
14.Bf3xd5 { resign }
1-0

[Event "Tourn. n10287"]
[Site "www.chess-mail.com"]
[Date "2020.03.09"]
[Round "1"]
[White "Roque1"]
[Black "Passaroa25"]
[WhiteElo "1770"]
[BlackElo "1710"]
[Result "1-0"]
[Round "1"]
1.e4 Nb8c6
2.d4 d6
3.Bf1b5 Bc8d7
4.Ng1f3 e6
5.O-O Ng8e7
6.Bc1g5 h6
7.Bg5h4 g5
8.Bh4g3 a6
9.Bb5a4 b5
10.Ba4b3 Ne7g6
11.Nb1c3 Bf8e7
12.d5 Nc6e5
13.a4 Be7f6
14.Nf3xe5 dxe5
15.d6 c6
16.Qd1f3 O-O
17.Nc3e2 Kg7
18.Qf3h5 Rf8h8
19.h3 Qd8f8
20.Bg3h2 Qf8g8
21.g3 Qg8h7
22.f4 gxf4
23.gxf4 Ng6xf4
24.Ne2xf4 Qh7xe4
25.Qh5g4 Bf6g5
26.Nf4h5 Kg6
27.Qg4xe4 Kxh5
28.Rf1xf7 Rh8d8
29.Ra1f1 Bg5f4
30.Bh2xf4 bxa4
31.Qe4f3 Kg6
32.Bf4xe5 Rd8f8
33.Qf3g4 
1-0

[Event "Tourn. n10301"]
[Site "www.chess-mail.com"]
[Date "2020.03.09"]
[Round "1"]
[White "Roque1"]
[Black "Iko"]
[WhiteElo "1900"]
[BlackElo "1720"]
[Result "1-0"]
[Round "1"]
1.e4 e5
2.Ng1f3 d6
3.d4 Bc8g4
4.Bf1e2 Bg4xf3
5.Be2xf3 Nb8c6
6.d5 Nc6d4
7.Nb1c3 Nd4xf3
8.Qd1xf3 Qd8d7
9.O-O c6
10.Bc1g5 cxd5
11.Nc3xd5 Qd7b5
12.Nd5c7 Kd7
13.Nc7xb5 a6
14.Qf3xf7 Kc6
15.Qf7d5 Kd7
16.Qd5xb7 Ke6
17.Nb5c7 Kd7
18.Nc7xa8 Ke6
19.Qb7c8 Kf7
20.Na8c7 h6
21.Qc8e8 
1-0

[Event "Match"]
[Site "www.echecsemail.com"]
[Date "2020.03.09"]
[Round "1"]
[White "Ll69"]
[Black "Joseph1983"]
[WhiteElo "2290"]
[BlackElo "2180"]
[Result "1-0"]
[Round "1"]
1.d4 Ng8f6
2.c4 e6
3.Ng1f3 d5
4.g3 dxc4
5.Qd1a4 Bc8d7
6.Qa4xc4 Bd7c6
7.Bf1g2 Bf8e7
8.O-O O-O
9.Bc1g5 Nb8d7
10.Qc4c2 Bc6e4
11.Qc2d2 c5
12.Nb1c3 Be4c6
13.Ra1c1 cxd4
14.Nf3xd4 Bc6xg2
15.Kxg2 a6
16.Rf1d1 Qd8b6
17.Nd4f3 Rf8d8
18.Bg5e3 Qb6a5
19.Be3d4 Qa5h5
20.Qd2f4 Ra8c8
21.e4 Nd7f8
22.e5 Nf6d5
23.Nc3xd5 exd5
24.Rc1xc8 Rd8xc8
25.Qf4e3 Nf8e6
26.Qe3b3 Rc8c4
27.Bd4e3 b5
28.Rd1xd5 Qh5g4
29.a3 Be7c5
30.Qb3d3 g6
31.h3 Qg4f5
32.Qd3xf5 gxf5
33.Be3xc5 Ne6xc5
34.Rd5d8 Kg7
35.Rd8c8 Rc4c1
36.b4 Nc5d3
37.Rc8xc1 Nd3xc1
38.Nf3d4 Kg6
39.f4 { resign }
1-0

[Event "Match"]
[Site "www.echecsemail.com"]
[Date "2020.03.09"]
[Round "1"]
[White "Aiko1603"]
[Black "Apdash"]
[WhiteElo "2090"]
[BlackElo "2170"]
[Result "0-1"]
[Round "1"]
1.c4 e5
2.Nb1c3 Ng8f6
3.g3 c6
4.Bf1g2 d5
5.cxd5 cxd5
6.d3 Nb8c6
7.Bc1g5 d4
8.Nc3e4 Bf8e7
9.Bg5xf6 Be7xf6
10.Ng1f3 O-O
11.O-O Bc8g4
12.h3 Bg4xf3
13.Bg2xf3 Bf6e7
14.a3 Kh8
15.b4 f5
16.Ne4c5 Be7xc5
17.bxc5 Qd8e7
18.Bf3xc6 bxc6
19.Qd1c2 e4
20.Qc2c4 Qe7e5
21.f4 exf3
22.Rf1xf3 Qe5xe2
23.Rf3f2 Qe2e3
24.Kg2 Ra8e8
25.Ra1f1 g6
26.Rf2f3 Qe3e5
27.a4 Re8b8
28.Rf1f2 Rb8b1
29.Qc4c2 Rf8b8
30.Rf2f1 Rb1b2
{ resign }
0-1

[Event "Pariolinius great tourney"]
[Site "www.echecsemail.com"]
[Date "2020.03.09"]
[Round "1"]
[White "Ket"]
[Black "Aders1"]
[WhiteElo "2029"]
[BlackElo "2350"]
[Result "0-1"]
[Round "1"]
1.e4 g6
2.Ng1f3 Bf8g7
3.d4 d6
4.Nb1c3 c6
5.Bf1d3 Bc8g4
6.Bc1e3 Nb8d7
7.O-O Ng8f6
8.h3 Bg4xf3
9.Qd1xf3 O-O
10.Rf1e1 e5
11.Ra1d1 Qd8c7
12.a3 Rf8e8
13.Qf3g3 Nf6h5
14.Qg3f3 exd4
{ resign }
0-1

[Event "Match"]
[Site "www.echecsemail.com"]
[Date "2020.03.09"]
[Round "1"]
[White "Koudelka"]
[Black "Gerhan"]
[WhiteElo "2070"]
[BlackElo "1809"]
[Result "1-0"]
[Round "1"]
1.e4 e5
2.Ng1f3 Ng8f6
3.d4 Nb8c6
4.Bf1b5 a6
5.c4 Nc6xd4
6.Nf3xd4 exd4
7.Qd1xd4 c5
8.Qd4e3 Qd8b6
9.Nb1a3 Nf6d5
10.Qe3d3 f6
11.Qd3xd5 Qb6c6
12.Qd5xc6 dxc6
13.Bb5xc6 bxc6
14.Bc1f4 Bc8g4
15.h3 Bg4xh3
16.gxh3 Bf8d6
17.Bf4xd6 Ra8d8
18.Bd6c7 Ke7
19.Bc7xd8 Kxd8
20.Ra1d1 { resign }
1-0

[Event "Match"]
[Site "www.echecsemail.com"]
[Date "2020.03.09"]
[Round "1"]
[White "Koudelka"]
[Black "Fidor"]
[WhiteElo "2090"]
[BlackElo "1799"]
[Result "1-0"]
[Round "1"]
1.e4 d6
2.d4 e5
3.c3 Nb8c6
4.Bf1b5 Bc8g4
5.Qd1xg4 Qd8d7
6.Qg4xd7 Kxd7
7.d5 b6
8.Bb5xc6 Kc8
9.Bc6xa8 Kb8
10.Nb1a3 Kxa8
11.Bc1e3 Ng8f6
12.Ng1f3 c5
13.Na3c4 Nf6xd5
14.Nf3xe5 Nd5xe3
15.fxe3 d5
16.exd5 Bf8d6
17.Nc4xd6 Rh8d8
18.Rh1f1 Rd8xd6
19.Rf1xf7 Rd6xd5
20.Rf7xg7 Rd5xe5
21.Rg7xh7 a5
22.Rh7h5 b5
23.Rh5xe5 Ka7
24.Re5xc5 Ka8
25.Rc5xb5 Ka7
26.Rb5xa5 Kb7
27.Ra1d1 Kc7
28.Rd1d5 Kb7
29.Ra5b5 Ka7
30.Rb5a5 Kb7
31.Rd5b5 { resign }
1-0

[Event "Pariolinius great tourney"]
[Site "www.echecsemail.com"]
[Date "2020.03.10"]
[Round "1"]
[White "Aders1"]
[Black "Ket"]
[WhiteElo "2350"]
[BlackElo "2029"]
[Result "1-0"]
[Round "1"]
1.Ng1f3 d5
2.g3 Ng8f6
3.Bf1g2 e6
4.O-O c5
5.d3 Nb8c6
6.Nb1d2 Bf8d6
7.e4 dxe4
8.dxe4 Nc6e5
9.Nf3xe5 Bd6xe5
10.f4 Be5d4
11.Kh1 Bd4e3
12.Qd1e2 Be3xd2
13.Bc1xd2 O-O
14.Ra1d1 Qd8c7
15.Bd2c3 Qc7e7
16.Rd1d2 a6
17.Rf1d1 Ra8b8
18.Bc3e5 { resign }
1-0

[Event "Tourn. n10298"]
[Site "www.chess-mail.com"]
[Date "2020.03.10"]
[Round "1"]
[White "Passaroa25"]
[Black "Roque1"]
[WhiteElo "1730"]
[BlackElo "1820"]
[Result "0-1"]
[Round "1"]
1.Nb1c3 e5
2.Ng1f3 Nb8c6
3.e4 Ng8f6
4.d3 Bf8e7
5.Bc1d2 O-O
6.Bf1e2 d5
7.O-O Bc8e6
8.Nf3h4 Nf6xe4
9.dxe4 Be7xh4
10.exd5 Be6xd5
11.Nc3xd5 Qd8xd5
12.c3 Ra8d8
13.f3 Qd5xd2
14.g3 Qd2e3
15.Rf1f2 Rd8xd1
16.Ra1xd1 Bh4e7
17.Rd1d7 Be7d6
18.Kg2 Qe3c1
19.Be2c4 Nc6a5
20.Bc4xf7 Rf8xf7
21.Rd7xf7 Kxf7
22.b4 Na5c4
23.Kh3 Qc1g5
24.g4 Qg5e3
{ resign }
0-1

[Event "Match"]
[Site "www.echecsemail.com"]
[Date "2020.03.10"]
[Round "1"]
[White "Ket"]
[Black "Guidom"]
[WhiteElo "999"]
[BlackElo "2130"]
[Result "1-0"]
[Round "1"]
1.e4 e5
2.f4 exf4
3.Ng1f3 d5
4.exd5 Qd8xd5
5.Nb1c3 Qd5d8
6.Bf1c4 Bc8g4
7.Bc4xf7 Kxf7
8.Nf3e5 Ke8
9.Ne5xg4 Bf8c5
10.Qd1e2 Qd8e7
11.d3 Nb8c6
12.Bc1xf4 Qe7xe2
13.Nc3xe2 Nc6b4
14.Kd2 Ng8e7
15.Bf4xc7 Kd7
16.Bc7e5 Rh8g8
17.a3 Nb4d5
18.d4 Bc5b6
19.c4 Nd5c7
20.c5 Bb6a5
21.b4 { resign }
1-0